Черные алмазы: Роман

Bibliografiska uppgifter
Huvudupphovsman: Йокаи М. Мор
Övriga upphovsmän: Тумаркина Е. (переводчик), Воронкина Т. (автор предисловия), Умнякова Е.
Språk:ryska
Publicerad: Москва, Художественная литература, 1987
Ämnen:
Materialtyp: Bok
KOHA link:https://koha.lib.tpu.ru/cgi-bin/koha/opac-detail.pl?biblionumber=127180

MARC

LEADER 00000nam0a2200000 4500
001 127180
005 20231031132127.0
020 |a RU  |b 87-83562 
035 |a (RuTPU)RU\TPU\book\137566 
090 |a 127180 
100 |a 20071211d1987 m y0rusy5003 ca 
101 1 |a rus  |c hun 
102 |a RU 
105 |a y z 000ay 
200 1 |a Черные алмазы  |e Роман  |f М. Йокаи  |g пер. с венг. Е. Тумаркина ; Т. Воронкина ; авт. предисл. Е. Умнякова 
210 |a Москва  |c Художественная литература  |d 1987 
215 |a 398,[1] с.  |d 22 см 
610 0 |a Венгрия 
610 0 |a 19 век 
610 0 |a романы 
675 |a 89Д-2  |z rus 
700 1 |a Йокаи  |b М.  |g Мор  |4 070 
702 1 |a Тумаркина  |b Е.  |4 730 
702 1 |a Воронкина  |b Т.  |4 730 
702 1 |a Умнякова  |b Е.  |4 080 
801 0 |a RU  |b RuMRKP  |c 19950417  |g psbo 
801 1 |a RU  |b 63413507  |c 20071211  |g PSBO 
801 2 |a RU  |b 63413507  |c 20071211  |g PSBO 
942 |c BK